000
00296nam a2200133Ia 4500
008
100328s9999 xx 000 0 und d
082
_b
47495
100
_a
Sheldon Jill
245
_a
Time To Trust
260
_b
Scarlet
630
_a
Time To Trust
730
_a
Time To Trust
942
_c
BOOK
999
_c
535268
_d
535265